[Event "Cheliabinsk Lozovatsky Memorial-B"]
[Site "Cheliabinsk"]
[Date "2023.02.04"]
[Round "9"]
[White "Bragina, Anna"]
[Black "Dimovski, Aleksandra"]
[Result "0-1"]
[WhiteElo "1704"]
[BlackElo "2010"]
[PlyCount "70"]
[EventDate "2023.01.27"]
[EventType "swiss"]
[EventRounds "10"]
[EventCountry "RUS"]
[SourceTitle "CBM 212 Extra"]
[Source "ChessBase"]
[SourceDate "2023.03.31"]
[SourceVersion "1"]
[SourceVersionDate "2023.03.31"]
[SourceQuality "1"]

1. d4 Nf6 2. c4 g6 3. Nc3 Bg7 4. e4 d6 5. Be2 0-0 6. h3 c5 7. d5 Na6 8. Nf3 Nc7 9. 0-0 a6 10. a4 b6 11. Be3 Rb8 12. Nd2 e6 13. f4 exd5 14. cxd5 Re8 15. Bf2 b5 16. axb5 axb5 17. Bf3 Nd7 18. Qc2 Nb6 19. Rfe1 Bh6 20. Bg3 b4 21. Ne2 f5 22. Qb3 Ba6 23. e5 Kh8 24. e6 Bb7 25. Nc4 Bxd5 26. Bxd5 Nbxd5 27. Na5 Qf6 28. Rad1 Qxe6 29. Nd4 Qg8 30. Ndc6 Rxe1+ 31. Rxe1 Re8 32. Qd1 Rxe1+ 33. Qxe1 Qe8 34. Qd2 Qe3+ 35. Qxe3 Nxe3 0-1

[Event "Cheliabinsk Lozovatsky Memorial-B"]
[Site "Cheliabinsk"]
[Date "2023.02.03"]
[Round "8"]
[White "Dimovski, Aleksandra"]
[Black "Kalashnikova, Elena"]
[Result "1/2-1/2"]
[WhiteElo "2010"]
[BlackElo "1635"]
[PlyCount "101"]
[EventDate "2023.01.27"]
[EventType "swiss"]
[EventRounds "10"]
[EventCountry "RUS"]
[SourceTitle "CBM 212 Extra"]
[Source "ChessBase"]
[SourceDate "2023.03.31"]
[SourceVersion "1"]
[SourceVersionDate "2023.03.31"]
[SourceQuality "1"]

1. d4 Nf6 2. c4 e6 3. Nf3 Bb4+ 4. Bd2 Qe7 5. Qc2 Nc6 6. a3 Bxd2+ 7. Nbxd2 a5 8. b3 d5 9. e4 dxe4 10. Nxe4 Nxe4 11. Qxe4 0-0 12. Ne5 Qd6 13. Nxc6 bxc6 14. Be2 Rd8 15. 0-0 Rb8 16. Qf3 Bb7 17. Qc3 Qxd4 18. Qxa5 Qb2 19. Bf3 Qxb3 20. Rab1 Qxc4 21. Qxc7 Ba6 22. Rfd1 Rxd1+ 23. Rxd1 Rf8 24. Qxc6 Qxc6 25. Bxc6 Rc8 26. a4 g6 27. Bb5 Bxb5 28. axb5 Rb8 29. Rb1 Kf8 30. g3 Ke7 31. Kg2 Kd6 32. Kf3 Kc5 33. Ke4 f6 34. Rc1+ Kd6 35. Rd1+ Kc7 36. Rb1 Rb7 37. Rb2 Kb6 38. Kd4 Rc7 39. Re2 e5+ 40. Kd5 Kxb5 41. Rb2+ Ka6 42. Ke6 Rc6+ 43. Kf7 f5 44. Kg7 Rc7+ 45. Kf6 e4 46. h4 Rc6+ 47. Kg5 Rc3 48. h5 e3 49. f3 e2 50. Rxe2 Rxf3 51. hxg6 1/2-1/2

[Event "Cheliabinsk Lozovatsky Memorial-B"]
[Site "Cheliabinsk"]
[Date "2023.01.30"]
[Round "4"]
[White "Kozlova, Olga1111"]
[Black "Dimovski, Aleksandra"]
[Result "1-0"]
[WhiteElo "1691"]
[BlackElo "2010"]
[PlyCount "107"]
[EventDate "2023.01.27"]
[EventType "swiss"]
[EventRounds "10"]
[EventCountry "RUS"]
[SourceTitle "CBM 212 Extra"]
[Source "ChessBase"]
[SourceDate "2023.03.31"]
[SourceVersion "1"]
[SourceVersionDate "2023.03.31"]
[SourceQuality "1"]

1. d4 d5 2. Nf3 e6 3. g3 c5 4. Bg2 Nf6 5. 0-0 Nc6 6. c4 Qb6 7. cxd5 Nxd5 8. e4 Nf6 9. d5 Nd4 10. Nc3 Nxf3+ 11. Bxf3 Bd6 12. Qe2 Be5 13. Bg5 Nd7 14. Rad1 h6 15. Be3 0-0 16. Na4 Qa5 17. Qc2 b6 18. Be2 b5 19. Nxc5 Qxa2 20. dxe6 Nxc5 21. Bxc5 Bxe6 22. Bxf8 Rxf8 23. Ra1 Qxb2 24. Qxb2 Bxb2 25. Rab1 Bd4 26. Rxb5 Rc8 27. Rd1 Bb6 28. Rb2 Bh3 29. Bf1 Bg4 30. Rdb1 h5 31. h3 Be6 32. Kg2 Rc3 33. h4 Bg4 34. Be2 Bxe2 35. Rxe2 Kf8 36. Rd1 Ke7 37. Rd5 g6 38. f4 Ke8 39. Red2 Rc7 40. Rd8+ Ke7 41. R8d5 Be3 42. Re5+ Kf6 43. Rd6+ Kg7 44. Re8 Rc2+ 45. Kf1 Bb6 46. Rd7 Rf2+ 47. Ke1 Rf3 48. Ree7 Rxg3 49. Rxf7+ Kg8 50. e5 Rh3 51. Rfe7 Kf8 52. e6 Rxh4 53. Rh7 Kg8 54. Rdg7+ 1-0